<?xml version="1.0" encoding="UTF-8"?><?xml-stylesheet type="text/xsl" href="static/style.xsl"?><OAI-PMH xmlns="http://www.openarchives.org/OAI/2.0/" xmlns:xsi="http://www.w3.org/2001/XMLSchema-instance" xsi:schemaLocation="http://www.openarchives.org/OAI/2.0/ http://www.openarchives.org/OAI/2.0/OAI-PMH.xsd"><responseDate>2026-04-27T20:23:22Z</responseDate><request verb="GetRecord" identifier="oai:uvadoc.uva.es:10324/7185" metadataPrefix="marc">https://uvadoc.uva.es/oai/request</request><GetRecord><record><header><identifier>oai:uvadoc.uva.es:10324/7185</identifier><datestamp>2025-02-21T08:04:43Z</datestamp><setSpec>com_10324_38</setSpec><setSpec>col_10324_852</setSpec></header><metadata><record xmlns="http://www.loc.gov/MARC21/slim" xmlns:doc="http://www.lyncode.com/xoai" xmlns:xsi="http://www.w3.org/2001/XMLSchema-instance" xmlns:dcterms="http://purl.org/dc/terms/" xsi:schemaLocation="http://www.loc.gov/MARC21/slim http://www.loc.gov/standards/marcxml/schema/MARC21slim.xsd">
<leader>00925njm 22002777a 4500</leader>
<datafield tag="042" ind1=" " ind2=" ">
<subfield code="a">dc</subfield>
</datafield>
<datafield tag="720" ind1=" " ind2=" ">
<subfield code="a">Pisabarro Pérez, Alfonso</subfield>
<subfield code="e">author</subfield>
</datafield>
<datafield tag="260" ind1=" " ind2=" ">
<subfield code="c">2013</subfield>
</datafield>
<datafield tag="520" ind1=" " ind2=" ">
<subfield code="a">El presente trabajo de investigación describe y analiza las principales variables criotérmicas del suelo en el macizo central de Picos de Europa.  Se analizan los regímenes térmicos, la influencia de la nieve, los días de hielo-deshielo, el índice de helada, los lugares donde existen suelos helados estacionales y los procesos de inversión térmica nocturna entre otras muchas variables. Todo ello se contextualiza en el marco de los procesos geomorfológicos y formas del relieve del Macizo Central.  El trabajo viene acompañado por anexos con cartografía, gráficos y tablas.</subfield>
</datafield>
<datafield tag="024" ind2=" " ind1="8">
<subfield code="a">http://uvadoc.uva.es/handle/10324/7185</subfield>
</datafield>
<datafield ind1=" " ind2=" " tag="653">
<subfield code="a">Geomorfología - España - Picos de Europa</subfield>
</datafield>
<datafield ind1=" " ind2=" " tag="653">
<subfield code="a">Picos de Europa (España) - Geografía</subfield>
</datafield>
<datafield tag="245" ind1="0" ind2="0">
<subfield code="a">Régimen térmico de suelos y geomorfología de alta montaña en el Macizo Central de Picos de Europa</subfield>
</datafield>
</record></metadata></record></GetRecord></OAI-PMH>